000 00409nam a2200097Ia 4500
008 200911s9999 xx 000 0 und d
020 _a978-971-542-857-6
245 _cEdited by: Jose S. Buenconsejo.--
_aPhilippine modernities :
_bMusic, performing arts, and language, 1880 to 1941 /
260 _aQuezon City :
_bThe University of the Philippines Press
_c2017
300 _axxv , 523 pages :
_billustration ;
_c26 cm.
999 _c364210
_d364210